Usne kaha tha / (Record no. 44212)

MARC details
000 -LEADER
fixed length control field 01263nji a22002657a 4500
005 - DATE AND TIME OF LATEST TRANSACTION
control field 2010090700000.0
006 - FIXED-LENGTH DATA ELEMENTS--ADDITIONAL MATERIAL CHARACTERISTICS--GENERAL INFORMATION
fixed length control field a|||||r|||||00| 0
007 - PHYSICAL DESCRIPTION FIXED FIELD--GENERAL INFORMATION
fixed length control field sd ammalaaahaa
008 - FIXED-LENGTH DATA ELEMENTS--GENERAL INFORMATION
fixed length control field 100830t xxu||||| |||| 00| 0 eng d
028 ## - PUBLISHER NUMBER
Publisher number N.53654
Source His Master's Voice
035 ## - SYSTEM CONTROL NUMBER
System control number GR-01066
040 ## - CATALOGING SOURCE
Original cataloging agency SED
Transcribing agency SED
100 ## - MAIN ENTRY--PERSONAL NAME
9 (RLIN) 17455
Personal name Roy, Bimal
245 ## - TITLE STATEMENT
Title Usne kaha tha /
Statement of responsibility, etc by Bimal Roy Production; music dtn by Salil Chowdhury; lyric by Maqdoom Mohidin
Medium [sound recording] :
246 ## - VARYING FORM OF TITLE
Title proper/short title उसने कहा था / बिमल रॉय प्रोडक्शन द्वारा
260 ## - PUBLICATION, DISTRIBUTION, ETC. (IMPRINT)
Place of publication, distribution, etc Dum Dum, India
Name of publisher, distributor, etc His Master's Voice
300 ## - PHYSICAL DESCRIPTION
Extent 1 sound disc [Gramophone Recording]:
Other physical details analog, 33 1/3 rpm
Dimensions 9.5 in. (MP)
Type of unit Gramophone Record
500 ## - GENERAL NOTE
General note Brief Record
505 ## - FORMATTED CONTENTS NOTE
Formatted contents note Side-1 जानेवाले सिपाही से पूछो (Janewale sipahi se pucho) (Manna Dey, Sabita Banerjee and Chorus) Side-2 चलते ही जाना (Chalte hi jana) (Manna Dey, Mohammad Rafi & Chorus)
650 ## - SUBJECT ADDED ENTRY--TOPICAL TERM
Topical term or geographic name as entry element Motion Picture Music
Geographic subdivision India
9 (RLIN) 1186
General subdivision Excerpts
700 ## - ADDED ENTRY--PERSONAL NAME
Personal name Chowdhury, Salil
9 (RLIN) 18685
700 ## - ADDED ENTRY--PERSONAL NAME
Personal name Mohidin, Maqdoom
9 (RLIN) 18686
942 ## - ADDED ENTRY ELEMENTS (KOHA)
Source of classification or shelving scheme Dewey Decimal Classification
Item type Gramaphone Records
Holdings
Withdrawn status Lost status Source of classification or shelving scheme Damaged status Not for loan Collection code Home library Current library Date acquired Source of acquisition Total Checkouts Barcode Date last seen Copy number Price effective from Koha item type
    Dewey Decimal Classification     Non-fiction Central Library Central Library 07/09/2010 SED/VEN   GR-01066 07/09/2010 1 07/09/2010 Gramaphone Records

© Delhi Public Library
Hit Counter
free hit counter